[Event "AUTO-INT-2546"]
[Site "http://www.queenalice.com/game.php?id=1147514"]
[Date "2013.1.31"]
[Round "1"]
[White "yannigator"]
[Black "vult0"]
[Result "1-0"]
[WhiteElo "1494"]
[BlackElo "1624"]

1. e4 e5 2. Nf3 Nc6 3. Bc4 h6 4. O-O Nf6 5. d4 exd4 6. e5 Nh7 7. Nxd4 Nxe5 8.
Bb3 d6 9. f4 Nd7 10. Qh5 g6 11. Qd5 Qe7 12. Bd2 Qf6 13. Re1+ Be7 14. Nc3 c6 15.
Nxc6 bxc6 16. Qxc6 Rb8 17. Rxe7+ 1-0

[Event "AUTO-INT-2546"]
[Site "http://www.queenalice.com/game.php?id=1147515"]
[Date "2013.1.31"]
[Round "1"]
[White "vult0"]
[Black "yannigator"]
[Result "0-1"]
[WhiteElo "1756"]
[BlackElo "1469"]

1. e4 e5 2. Nf3 Nc6 3. Bb5 f5 4. d3 Nf6 5. Nc3 Bc5 6. Bg5 O-O 7. Qe2 fxe4 8.
dxe4 Nd4 9. Nxd4 Bxd4 10. O-O Bxc3 11. bxc3 c6 12. Ba4 d6 13. c4 Bd7 14. c3 a6
15. Rad1 b5 16. cxb5 axb5 17. Bb3+ Kh8 18. Rd3 Qe7 19. Rg3 Be6 20. f4 exf4 21.
Rd3 Bxb3 22. axb3 Qxe4 23. Qxe4 Nxe4 24. Bxf4 d5 25. Be5 Rxf1+ 26. Kxf1 Ra1+ 27.
Ke2 Ra2+ 28. Kf3 Rf2+ 29. Ke3 Rxg2 30. b4 Nf6 31. Rd2 Rxd2 32. Kxd2 Ne4+ 33. Kd3
Nf2+ 34. Ke3 Ng4+ 35. Kd4 h5 36. Kc5 Nxe5 0-1

[Event "AUTO-INT-2546"]
[Site "http://www.queenalice.com/game.php?id=1147516"]
[Date "2013.1.31"]
[Round "1"]
[White "yannigator"]
[Black "Narizinho"]
[Result "0-1"]
[WhiteElo "1462"]
[BlackElo "1278"]

1. e4 Nc6 2. d4 d6 3. Ne2 Nf6 4. Ng3 e5 5. dxe5 dxe5 6. Qxd8+ Kxd8 7. Bb5 Bb4+
8. c3 Bg4 9. Bxc6 bxc6 10. cxb4 a5 11. Bg5 axb4 12. f3 Be6 13. O-O h6 14. Bxf6+
gxf6 15. Rd1+ Kc8 16. Nd2 b3 17. Nxb3 Bxb3 18. axb3 Rxa1 19. Rxa1 h5 20. Ra8+
Kd7 21. Rxh8 h4 22. Rxh4 c5 23. Nf5 Kc6 24. Rh7 Kb5 25. Rxf7 c6 26. Nd6+ Kb6 27.
Rxf6 Kc7 28. Nc4 Kd7 29. Nxe5+ Kc7 30. Nc4 Kd7 0-1

[Event "AUTO-INT-2546"]
[Site "http://www.queenalice.com/game.php?id=1147517"]
[Date "2013.1.31"]
[Round "1"]
[White "Narizinho"]
[Black "yannigator"]
[Result "1-0"]
[WhiteElo "1307"]
[BlackElo "1439"]

1. Nf3 f5 2. Nc3 Nf6 3. d4 g6 4. Bg5 Bg7 5. e3 O-O 6. Bb5 c6 7. Bc4+ d5 8. Bb3
Be6 9. O-O Bf7 10. Bxf6 Bxf6 11. a4 Re8 12. Ba2 Nd7 13. b4 e5 14. dxe5 Bxe5 15.
Nxe5 Nxe5 16. b5 Nc4 17. bxc6 bxc6 18. Bxc4 dxc4 19. Qxd8 Rexd8 20. f3 Rd2 21.
e4 Rxc2 22. Nd1 c3 23. exf5 gxf5 24. Ne3 Rd2 25. Nxf5 Bc4 26. Rfc1 c2 27. Nh6+
Kf8 28. Nf5 Rad8 29. Nh6 Rd1+ 30. Rxd1 1-0

[Event "AUTO-INT-2546"]
[Site "http://www.queenalice.com/game.php?id=1147518"]
[Date "2013.1.31"]
[Round "1"]
[White "yannigator"]
[Black "papyrusmoon"]
[Result "1-0"]
[WhiteElo "1515"]
[BlackElo "1418"]

1. e4 e5 2. f4 exf4 3. Nf3 g5 4. Bc4 g4 5. O-O gxf3 6. Qxf3 Qf6 7. d4 Qxd4+ 8.
Kh1 Qxc4 9. Bxf4 Qxc2 10. Be5 d6 11. Qxf7+ Kd8 12. Qxf8+ Kd7 13. Bxh8 Ne7 14.
Nc3 Ng6 15. Qf5+ Kd8 16. Bf6+ Ke8 17. Qxc8+ Kf7 18. Bg5+ Nf4 19. Rxf4+ Kg6 20.
Qg8+ 1-0

[Event "AUTO-INT-2546"]
[Site "http://www.queenalice.com/game.php?id=1147519"]
[Date "2013.1.31"]
[Round "1"]
[White "papyrusmoon"]
[Black "yannigator"]
[Result "1-0"]
[WhiteElo "1434"]
[BlackElo "1418"]

1. e4 e5 2. Nf3 Nc6 3. Bb5 f5 4. Nc3 Nf6 5. exf5 d6 6. Ng5 Be7 7. d3 Bxf5 8. O-O
O-O 9. Be3 h6 10. Nge4 a6 11. Bc4+ d5 12. Bb3 Kh8 13. Qf3 d4 14. Qxf5 Nxe4 15.
Qxe4 dxc3 16. bxc3 Bd6 17. Rfd1 Ne7 18. d4 Nf5 19. dxe5 Qh4 20. Bf4 Rae8 21. g3
Qg4 22. f3 Nxg3 23. hxg3 Rxf4 24. fxg4 Rxe4 25. exd6 cxd6 26. Rxd6 Re1+ 27. Kf2
Rxa1 28. Bd5 Rd1 29. c4 Rd2+ 30. Kf3 Ree2 31. Rd8+ Kh7 32. Be4+ Rxe4 33. Rxd2
Rxc4 34. a3 b5 35. Rh2 Rc3+ 36. Kf4 Rxa3 37. g5 Rc3 38. g4 Kg6 39. gxh6 gxh6 40.
Rh1 1-0

[Event "AUTO-OPEN-2934"]
[Site "http://www.queenalice.com/game.php?id=1158364"]
[Date "2013.3.6"]
[Round "1"]
[White "Rouletabosse"]
[Black "yannigator"]
[Result "1-0"]
[WhiteElo "1629"]
[BlackElo "1505"]

1. Nf3 f5 2. d4 Nf6 3. h3 g6 4. Bf4 Bg7 5. e3 O-O 6. c4 d6 7. Be2 Qe8 8. O-O
Nbd7 9. Nc3 e5 10. dxe5 dxe5 11. Bh2 1-0

[Event "AUTO-OPEN-2934"]
[Site "http://www.queenalice.com/game.php?id=1158365"]
[Date "2013.3.6"]
[Round "1"]
[White "yannigator"]
[Black "Rouletabosse"]
[Result "0-1"]
[WhiteElo "1494"]
[BlackElo "1640"]

1. e4 e6 2. d4 d5 3. e5 c5 4. c3 h6 5. f4 cxd4 6. cxd4 Bb4+ 7. Bd2 Bxd2+ 8. Qxd2
a6 9. Nf3 Nc6 10. Nc3 Nge7 0-1

[Event "AUTO-INT-2578"]
[Site "http://www.queenalice.com/game.php?id=1158475"]
[Date "2013.3.6"]
[Round "1"]
[White "biskydad"]
[Black "yannigator"]
[Result "1-0"]
[WhiteElo "1696"]
[BlackElo "1484"]

1. d4 Nf6 2. Nc3 d5 3. e4 dxe4 4. Bc4 a6 5. Bg5 b5 6. Bb3 Bb7 7. Qd2 e6 8. O-O-O
Be7 9. Bxf6 Bxf6 10. Nge2 O-O 11. f3 1-0

[Event "AUTO-INT-2578"]
[Site "http://www.queenalice.com/game.php?id=1158476"]
[Date "2013.3.6"]
[Round "1"]
[White "yannigator"]
[Black "biskydad"]
[Result "0-1"]
[WhiteElo "1476"]
[BlackElo "1704"]

1. e4 c5 2. Nf3 e6 3. d4 cxd4 4. Nxd4 Nc6 5. Nc3 Bc5 6. Nb3 b6 7. Nxc5 bxc5 8.
Qd6 Nge7 9. Bb5 O-O 10. Bxc6 dxc6 0-1